000 00429nam a2200169Ia 4500
008 230711s9999||||xx |||||||||||||| ||und||
020 _a978-81-239-2072-6
041 _aENG
082 _a547.7
_bKA-C
100 _aKar,Ashutosh
245 0 _aChemistry of Natural Products V-3
250 _a1st Ed.
260 _c2015
_aNew Delhi
_bCBS Publishers & Distributors Pvt.Ltd
300 _a484p.
650 _aChemistry
942 _cBK
999 _c7127
_d7127